| 000 | 00805na a2200277 4500 | ||
|---|---|---|---|
| 001 | 20421 | ||
| 003 | MIRAKIL | ||
| 005 | 20181213154734.0 | ||
| 008 | 170120b tu 000 0 | ||
| 020 | _a9758725785 | ||
| 035 | _a20421 | ||
| 040 |
_aMilas _btur _cTR-AnCHP |
||
| 082 |
_a332.414 _bK69k 2003 |
||
| 090 | _a332.414 K69k 2003 | ||
| 100 | _aKozanoğlu, Hayri | ||
| 245 |
_aKüreselleşme heyulası _cHayri Kozanoğlu |
||
| 260 |
_aİstanbul _bİthaki _c2003 |
||
| 300 |
_a234 s. _btbl. _c20 sm. |
||
| 440 |
_aİthaki yayınları _v216 |
||
| 490 |
_aTarih-Toplum-Kuram _v9 |
||
| 500 | _aYapıt yazarından imzalıdır. | ||
| 650 |
_aEkonomi politikaları _xEnternasyonalizm |
||
| 650 |
_aUluslararası ekonomi _xIMF _zTürkiye |
||
| 650 |
_aKüreselleşme _xEkonomik açı |
||
| 942 |
_2ddc _cBKS |
||
| 999 |
_c118 _d118 |
||